[Event "Zipaquira U17 op"]
[Site "Zipaquira"]
[Date "2018.09.07"]
[Round "1"]
[White "Fraile Vela, Maria Isabel"]
[Black "Bautista Romero, Stiven Alejandro"]
[Result "1/2-1/2"]
[WhiteElo "1693"]
[BlackElo "1361"]
[PlyCount "83"]
[EventDate "2018.09.07"]
[EventType "swiss"]
[EventRounds "5"]
[EventCountry "COL"]
[SourceTitle "CBM 186 Extra"]
[Source "ChessBase"]
[SourceDate "2018.08.24"]
[SourceVersion "1"]
[SourceVersionDate "2018.08.24"]
[SourceQuality "1"]

1. e4 e5 2. Nf3 Nc6 3. Bb5 a6 4. Bxc6 dxc6 5. 0-0 Nf6 6. Nxe5 Bd6 7. d4 0-0 8. Nc3 Re8 9. Bf4 Bg4 10. Nxg4 Bxf4 11. Nxf6+ Qxf6 12. e5 Qh6 13. g3 Qg6 14. Qf3 Bh6 15. Ne4 b6 16. c3 f5 17. exf6 Rxe4 18. f7+ Kf8 19. Kh1 Re7 20. Rae1 Rxf7 21. Qg2 Qf6 22. f4 Qd6 23. Re5 Re8 24. Rfe1 Rfe7 25. Qf3 Qf6 26. Qd3 g6 27. Qxa6 Qf7 28. Qa3 Bg7 29. Rxe7 Rxe7 30. Kg1 Bf6 31. Kf2 Kg7 32. Rxe7 Qxe7 33. Qxe7+ Bxe7 34. Ke3 Kf6 35. g4 Ke6 36. c4 b5 37. b3 b4 38. Kf3 Bf6 39. Ke3 h6 40. Ke4 h5 41. h3 Be7 42. Kd3 1/2-1/2